000 01400nam a2200289Ia 4500
001 C7488
003 IT-RoPAU
008 130308s9999 xx 000 0 und d
040 _aIT-RoPAU
040 _cIT-RoPAU
041 _aITALIANO
100 _aPorro Maurizio
100 _gCodice Aut. SPICS: 2402
245 _aMaestri della cinepresa (I): l'impronta dei grandi registi
245 _bCapolavori raccontano un Secolo di Cinema (I)
250 _a1a ed.
260 _aALBA
260 _bPeriodici San Paolo
260 _c1994 [1° Ed.:1994 - Ed.Ling.Originale:1994]
300 _a"16 p. (prefazione: no ; testo: 16 [pagine: 245-260])"
500 _aPoeti della settima Musa. Federico Fellini: L'Immaginario al Potere, scheda e Note del Film Otto e mezzo (1963). Orson Welles: Il Grande Solitario, scheda e Note del Film Quarto Potere (1941). Luchino Visconti: L'Esteta, scheda e Note del Film Il Gattopardo (1963). Akira Kurosawa: Il Patriarca, scheda e Note del Film Dersu Uzala Il Piccolo Uomo delle Grandi Pianure (1975). Luis Bunuel: Il Dissacratore, scheda e Note del Film Il fascino Discreto della borghesia (1972). Michelangelo Antonioni: L'Aristocratico. Ingmar Bergman: Il dubbio e la Ricerca, scheda e Note del Film Il Settimo sigillo (1956).
650 _aGENERI CINEMATOGRAFICI
650 _eCodice materia Spics: 6810
942 _cBK
957 _71
999 _c83695
_d83695
999 _g1